[Event "FRA-ch U16 Girls"]
[Site "Saint Paul Trois Chateaux"]
[Date "2013.05.04"]
[Round "7"]
[White "Broly, Marine"]
[Black "Hernandez, Lara"]
[Result "1/2-1/2"]
[WhiteElo "1650"]
[BlackElo "1563"]
[PlyCount "102"]
[EventDate "2013.04.28"]
[EventType "swiss"]
[EventRounds "9"]
[EventCountry "FRA"]
[SourceTitle "CBM 154 Extra"]
[Source "ChessBase"]
[SourceDate "2013.06.25"]
[SourceVersion "2"]
[SourceVersionDate "2013.06.25"]
[SourceQuality "1"]

1. d4 Nf6 2. Nf3 d6 3. Nbd2 Nbd7 4. e4 e5 5. c3 c6 6. Bd3 Be7 7. 0-0 0-0 8. Re1 Qc7 9. dxe5 dxe5 10. b4 a5 11. Qb3 b5 12. Rb1 Nb6 13. a3 Be6 14. Qc2 Ne8 15. c4 bxc4 16. Nxc4 Nxc4 17. Bxc4 Bxc4 18. Qxc4 axb4 19. axb4 Nd6 20. Qb3 Nb5 21. Bb2 Bf6 22. Rbc1 Rfd8 23. Red1 h6 24. h3 Rac8 25. Rxd8+ Rxd8 26. Qc4 Nd4 27. Bxd4 exd4 28. b5 d3 29. Qxc6 Qxc6 30. bxc6 Rc8 31. Kf1 Kf8 32. Ke1 Bb2 33. Rc4 Ke7 34. Kd2 Kd6 35. Kxd3 Rxc6 36. Rxc6+ Kxc6 37. Nd4+ Kd6 38. Nf5+ Ke6 39. f3 Ba1 40. g4 Bb2 41. h4 Ba1 42. h5 Bb2 43. Kc2 Ba1 44. f4 Bf6 45. e5 Bxe5 46. fxe5 Kxe5 47. Kd3 Kf4 48. Nxg7 Kxg4 49. Ke4 f5+ 50. Nxf5 Kxh5 51. Nxh6 Kxh6 1/2-1/2

[Event "FRA-ch U16 Girls"]
[Site "Saint Paul Trois Chateaux"]
[Date "2013.05.03"]
[Round "6"]
[White "Broly, Marine"]
[Black "Auvray, Honorine"]
[Result "0-1"]
[WhiteElo "1650"]
[BlackElo "1838"]
[PlyCount "80"]
[EventDate "2013.04.28"]
[EventType "swiss"]
[EventRounds "9"]
[EventCountry "FRA"]
[SourceTitle "CBM 154 Extra"]
[Source "ChessBase"]
[SourceDate "2013.06.25"]
[SourceVersion "2"]
[SourceVersionDate "2013.06.25"]
[SourceQuality "1"]

1. d4 Nf6 2. Nf3 g6 3. Nbd2 d5 4. e3 Bg7 5. Bd3 c5 6. 0-0 0-0 7. b3 Nbd7 8. Bb2 b6 9. c4 Bb7 10. Qe2 Rc8 11. Rac1 Re8 12. Ne5 e6 13. f4 Ne4 14. cxd5 exd5 15. Nxe4 dxe4 16. Bc4 Nxe5 17. fxe5 Bd5 18. Rf2 Re6 19. Rcf1 Rc7 20. dxc5 Bxc4 21. Qxc4 Rxc5 22. Qxe4 Re7 23. Qh4 Rc8 24. Qf4 Qe8 25. Ba3 Bxe5 26. Qg4 Rd7 27. Qa4 f6 28. Qg4 Rf7 29. Rd1 Rd8 30. Rfd2 Rxd2 31. Rxd2 f5 32. Qf3 Kg7 33. Qd5 Bf6 34. Qf3 Rd7 35. Rc2 Qd8 36. Qe2 Rd1+ 37. Kf2 Be5 38. Bb2 Qh4+ 39. g3 Qxh2+ 40. Kf3 Qxg3# 0-1

[Event "Naujac op 14th"]
[Site "Naujac"]
[Date "2011.06.??"]
[Round "8"]
[White "Ollier, Pablo"]
[Black "Broly, Marine"]
[Result "1-0"]
[WhiteElo "2282"]
[BlackElo "1510"]
[PlyCount "45"]
[EventDate "2011.06.26"]
[EventType "swiss"]
[EventRounds "9"]
[EventCountry "FRA"]
[SourceTitle "EXT 2013"]
[Source "ChessBase"]
[SourceDate "2012.11.22"]
[SourceVersion "1"]
[SourceVersionDate "2012.11.22"]
[SourceQuality "1"]

1. d4 Nf6 2. c4 g6 3. Nc3 Bg7 4. e4 d6 5. Nf3 0-0 6. h3 e5 7. d5 a5 8. Be3 Na6 9. g4 Nd7 10. Rg1 Ndc5 11. a3 Bd7 12. b3 Kh8 13. Nd2 f5 14. gxf5 gxf5 15. Be2 fxe4 16. Ndxe4 Bxh3 17. Bg4 Bxg4 18. Qxg4 Qe7 19. 0-0-0 Nxb3+ 20. Kb2 Nd4 21. Rh1 Rg8 22. Rxh7+ Kxh7 23. Qh5+ 1-0

[Event "FRA-ch U12 Girls"]
[Site "Aix les Bains"]
[Date "2009.04.26"]
[Round "9"]
[White "Baldi, Valentine"]
[Black "Broly, Marine"]
[Result "0-1"]
[WhiteElo "1642"]
[BlackElo "1470"]
[PlyCount "122"]
[EventDate "2009.04.19"]
[EventType "swiss"]
[EventRounds "9"]
[EventCountry "FRA"]
[SourceTitle "CBM 130 Extra"]
[Source "ChessBase"]
[SourceDate "2009.07.02"]
[SourceVersion "2"]
[SourceVersionDate "2009.07.15"]
[SourceQuality "1"]

1. d4 Nf6 2. c4 e6 3. Nf3 b6 4. a3 Bb7 5. e3 Ne4 6. Nbd2 f5 7. Bd3 Nxd2 8. Bxd2 d6 9. Bc3 Nd7 10. b4 Nf6 11. 0-0 Be7 12. Re1 0-0 13. Nd2 c5 14. bxc5 dxc5 15. d5 exd5 16. Bxf5 dxc4 17. Be6+ Kh8 18. Bxc4 Qc7 19. h3 Ne4 20. Nxe4 Bxe4 21. Qg4 Bg6 22. Bd3 Qd6 23. Rad1 Qc6 24. Bc4 Bf6 25. Bd5 Qb5 26. Bxf6 gxf6 27. Bxa8 Rxa8 28. Rd7 c4 29. Rc7 Qa5 30. Ra1 b5 31. h4 Qxc7 32. Qf3 Rf8 33. Qd5 Qe5 34. Qd1 Bh5 35. Qe1 Rg8 36. Rc1 Qe4 37. g3 Qxh4 38. Kg2 Qe4+ 39. Kg1 Qd5 40. Qc3 Qe5 41. Qd2 Bf3 42. Qd7 Qh5 43. g4 Rxg4+ 44. Qxg4 Qxg4+ 45. Kf1 Qg2+ 46. Ke1 Qg1+ 47. Kd2 Qxf2+ 48. Kc3 Qxe3+ 49. Kc2 Qd3+ 50. Kb2 Qd2+ 51. Rc2 c3+ 52. Kb3 Bd5+ 53. Kb4 Qxc2 54. Kc5 Kg8 55. Kxd5 Kf8 56. Kc5 Qe4 57. Kxb5 c2 58. Ka6 c1Q 59. Kb5 Qb7+ 60. Ka4 Qc4+ 61. Ka5 Qb6# 0-1

[Event "FRA-ch U10 Girls"]
[Site "Le Grand Bornand"]
[Date "2007.04.??"]
[Round "2"]
[White "Legrand, Claire"]
[Black "Broly, Marine"]
[Result "1-0"]
[WhiteElo "1460"]
[BlackElo "1180"]
[PlyCount "67"]
[EventDate "2007.04.07"]
[EventType "swiss"]
[EventRounds "9"]
[EventCountry "FRA"]
[SourceTitle "CBM 118 Extra"]
[Source "ChessBase"]
[SourceDate "2007.07.04"]
[SourceVersion "1"]
[SourceVersionDate "2007.07.04"]
[SourceQuality "1"]

1. e4 e5 2. Nf3 Nc6 3. d4 d6 4. d5 Nd4 5. Nxd4 exd4 6. Qxd4 c5 7. Qd1 Nf6 8. Nc3 Be7 9. Be2 Bd7 10. 0-0 0-0 11. Bg5 Rc8 12. f4 h6 13. Bh4 Rb8 14. Bg3 b5 15. e5 dxe5 16. fxe5 Nh7 17. e6 fxe6 18. Rxf8+ Nxf8 19. Bxb8 Qxb8 20. dxe6 Bxe6 21. Nxb5 Qb7 22. Qf1 a6 23. Nc3 Qxb2 24. Qe1 Qxc2 25. Rc1 Qg6 26. Bxa6 Bf5 27. Bc4+ Ne6 28. Nd5 Kf8 29. Nxe7 Kxe7 30. Bxe6 Bxe6 31. Rxc5 Kd6 32. Ra5 Bh3 33. Ra6+ Kd7 34. Rxg6 1-0